LEADER 00990nam0-22003011i-450 001 990001659740403321 005 20190529131328.0 035 $a000165974 035 $aFED01000165974 035 $a(Aleph)000165974FED01 035 $a000165974 100 $a20030910d1988----km-y0itay50------ba 101 0 $aeng 200 1 $a<>ultrastructural investigation of the another wall and tapetum in capparis spinosa L. var. inermis$fPaolo Gori, Matteo Lorito 210 $aFirenze$c...$d1988 215 $ap. 329-340$d24 cm 300 $aEstr. da : Caryologia, 41(3-4),1988. 610 0 $aBiologia vegetale 676 $a581.4 700 1$aGori,$bPaolo$071153 701 1$aLorito,$bMatteo$f<1961- >$0748363 801 0$aIT$bUNINA$gRICA$2UNIMARC 901 $aLG 912 $a990001659740403321 952 $a60 OP. 155/4$fFAGBC 959 $aFAGBC 996 $aUltrastructural investigation of the another wall and tapetum in capparis spinosa L. var. inermis$91552711 997 $aUNINA LEADER 01090nam0 22002771i 450 001 VAN0019681 005 20150902112859.644 010 $a88-299-0862-2 100 $a20040713d1990 |0itac50 ba 101 $aita 102 $aIT 105 $a|||| ||||| 200 1 $aAnalisi chimica cromatografica$fEdoardo Mentasti, Guido Saini 210 $aPadova$cPiccin$d1990 215 $aXI, 423 p.$d25 cm. 620 $dPadova$3VANL000007 676 $a543.8$cCromatografia$v22 700 1$aMentasti$bEdoardo$3VANV015856$062929 701 1$aSaini$bGuido$3VANV015857$062928 712 $aPiccin $3VANV107900$4650 801 $aIT$bSOL$c20230616$gRICA 899 $aBIBLIOTECA DEL DIPARTIMENTO DI SCIENZE E TECNOLOGIE AMBIENTALI BIOLOGICHE E FARMACEUTICHE$1IT-CE0101$2VAN17 912 $aVAN0019681 950 $aBIBLIOTECA DEL DIPARTIMENTO DI SCIENZE E TECNOLOGIE AMBIENTALI BIOLOGICHE E FARMACEUTICHE$d17CONS Cb13 $e17FSA1306 20040713 $sBuono 996 $aAnalisi chimica cromatografica$978847 997 $aUNICAMPANIA LEADER 02545nam0 2200481 i 450 001 VAN00115312 005 20240806100753.764 017 70$2N$a978-3-319-15431-2 100 $a20180302d2016 |0itac50 ba 101 $aeng 102 $aCH 105 $a|||| ||||| 200 1 $aReduced basis methods for partial differential equations$ean introduction$fAlfio Quarteroni, Andrea Manzoni, Federico Negri 210 $a[Cham]$cSpringer$d2016 215 $aXI, 296 p.$d24 cm 410 1$1001VAN00104561$12001 $aUnitext. La matematica per il 3+2$1210 $aMilano [etc.]$cSpringer$d1988-$v92 500 1$3VAN00243086$aReduced basis methods for partial differential equations. An introduction$92789780 606 $a65-XX$xNumerical analysis [MSC 2020]$3VANC019772$2MF 606 $a65Mxx$xNumerical methods for partial differential equations, initial value and time-dependent initial-boundary value problems [MSC 2020]$3VANC020831$2MF 606 $a65Nxx$xNumerical methods for partial differential equations, boundary value problems [MSC 2020]$3VANC020832$2MF 606 $a65Y20$xComplexity and performance of numerical algorithms [MSC 2020]$3VANC022992$2MF 606 $a80A19$xDiffusive and convective heat and mass transfer, heat flow [MSC 2020]$3VANC023471$2MF 606 $a80A21$xRadiative heat transfer [MSC 2020]$3VANC035914$2MF 606 $a80Mxx$xBasic methods in thermodynamics and heat transfer [MSC 2020]$3VANC034040$2MF 610 $aComputational complexity reduction$9KW:K 610 $aFinite element methods$9KW:K 610 $aParametrized differential problems$9KW:K 610 $aPartial Differential Equations$9KW:K 610 $aReduced basis methods$9KW:K 610 $aReduced order modeling$9KW:K 620 $aCH$dCham$3VANL001889 700 1$aQuarteroni$bAlfio$3VANV030988$08375 701 1$aManzoni$bAndrea$3VANV089228$0756059 701 1$aNegri$bFederico$3VANV089229$0468335 712 $aSpringer $3VANV108073$4650 801 $aIT$bSOL$c20250411$gRICA 856 4 $uhttp://dx.doi.org/10.1007/978-3-319-15431-2$zE-book ? Accesso al full-text attraverso riconoscimento IP di Ateneo, proxy e/o Shibbolet 899 $aBIBLIOTECA CENTRO DI SERVIZIO SBA$2VAN15 912 $fN 912 $aVAN00115312 950 $aBIBLIOTECA CENTRO DI SERVIZIO SBA$d15CONS SBA EBOOK 2476 $e15EB 2476 20180302 996 $aReduced basis methods for partial differential equations. An introduction$92789780 997 $aUNICAMPANIA